000 00417nam a2200169Ia 4500
008 230524s9999 xx 000 0 und d
020 _a8122402291
082 _a621.3815
_bRIE
100 _aHeinz Rieger
245 4 _aThe Alternating Current Circuit Pi 13
250 _a1ST
260 _aNEW DELHI
_bWiley Eastern
_c1989
300 _a68
500 _aQuantity Number: 2
650 _aElectrical
942 _cBK
999 _c25202
_d25202